000 00333nam a2200145 i 4500
001 bg
100 1 _aRASIOWA, H.
245 0 _aWstęp do matematyki współczesnej /
_cH. Rasiowa.
250 _aWyd.5.
260 _aWarszawa,
_c1975.
040 _cBPK
041 _apol
942 _cKS
008 s pl f |000 0 pol
999 _c23754
_d23754
856 _uhttp://koha.tu.koszalin.pl/cgi-bin/koha/opac-detail.pl?biblionumber=23754
_yKatalog online BPK